Panza de burro /

Salvato in:
Dettagli Bibliografici
Autori principali: Abreu, Andrea (Autore), Urraca, Sabina (Autore)
Natura: Libro
Lingua:spagnolo
Pubblicazione: [Sevilla] : Barrett, 2020
Tags: Aggiungi Tag
Nessun Tag, puoi essere il primo ad aggiungerne!!

MARC

LEADER 00000nam a22000007i 4500
001 IT\ICCU\RT1\0140425
003 ItRI
005 20260115232023.0
008 210721s2020 sp |||||| ||||| |||||c
020 |a 9788412135336 
040 |b ita  |c importazione bologna sebina 
041 7 |a spa  |2 ISO-639-2 
082 |a 863.7  |9 NARRATIVA SPAGNOLA, 2000-  |2 23 
100 1 |a Abreu, Andrea  |0 IT\ICCU\RT1V\045659  |4 aut 
240 1 0 |a Panza de burro  |3 IT\ICCU\RT1\1012650  |9 Abreu, Andrea 
245 1 0 |a Panza de burro /  |c Andrea Abreu ; presentado por Sabina Urraco. 
260 |a [Sevilla] :  |b Barrett,  |c 2020 
300 |a 172 p. ;  |c 21 cm 
700 1 |a Urraca, Sabina  |0 IT\ICCU\RT1V\045662  |4 aut 
942 |2 ddc  |c BK  |n 0 
952 |0 0  |1 0  |4 0  |6 DOC_863_700000000000000_ABR  |7 0  |9 18975  |a BO  |b BO  |d 2026-01-15  |i 20718  |l 0  |o DOC 863.7 ABR  |p BO20718  |r 2026-01-15 23:20:23  |w 2026-01-15  |x [Sebina 5] [1 v.]  |y BK  |z 1 v. 
999 |c 16129  |d 16129